[Event "PUR-ch"]
[Site "San Juan"]
[Date "2023.08.27"]
[Round "5"]
[White "Lugo Roldan, Jean Paul"]
[Black "Childers Pickett, Logan"]
[Result "1/2-1/2"]
[WhiteElo "2068"]
[BlackElo "1826"]
[PlyCount "85"]
[EventDate "2023.08.25"]
[EventType "swiss"]
[EventRounds "9"]
[EventCountry "PUR"]
[SourceTitle "CBM 216 Extra"]
[Source "ChessBase"]
[SourceDate "2023.11.30"]
[SourceVersion "1"]
[SourceVersionDate "2023.11.30"]
[SourceQuality "1"]

1. d4 d5 2. c4 c6 3. Nc3 Nf6 4. cxd5 cxd5 5. Bf4 Nc6 6. e3 Bf5 7. Qb3 Na5 8. Qa4+ Bd7 9. Qc2 Rc8 10. Bd3 e6 11. h3 Bb4 12. Nge2 0-0 13. 0-0 Nc6 14. a3 Bxc3 15. Nxc3 a6 16. Rfc1 Ne7 17. Qb3 Bc6 18. Na4 Bxa4 19. Qxa4 Qb6 20. Qb4 Qxb4 21. axb4 Rxc1+ 22. Rxc1 Rc8 23. Rc3 Rxc3 24. bxc3 Ne4 25. Bxe4 dxe4 26. c4 b5 27. cxb5 axb5 28. Kf1 Nd5 29. Bd6 f5 30. Ke2 Kf7 31. Kd2 Ke8 32. Bc5 Kd7 33. Bf8 g6 34. Bc5 Kc6 35. Kc2 Nc7 36. Kc3 Nd5+ 37. Kd2 Nc7 38. Kc3 Kd5 39. Bf8 Ne8 40. Be7 Nc7 41. Bf8 Ne8 42. Be7 Nc7 43. Bf8 1/2-1/2

[Event "Bayamon Rio Hondo op 6th"]
[Site "Bayamon"]
[Date "2021.07.26"]
[Round "5"]
[White "Santana Otero, Orlando"]
[Black "Lugo Roldan, Jean Paul"]
[Result "1/2-1/2"]
[WhiteElo "2070"]
[BlackElo "1991"]
[PlyCount "40"]
[EventDate "2021.07.24"]
[EventType "swiss"]
[EventRounds "7"]
[EventCountry "PUR"]
[SourceTitle "EXT 2022"]
[Source "ChessBase"]
[SourceDate "2021.10.06"]
[SourceVersion "1"]
[SourceVersionDate "2021.10.06"]
[SourceQuality "1"]

1. d4 Nf6 2. Bf4 d5 3. e3 c5 4. dxc5 e6 5. Nf3 Bxc5 6. Nbd2 0-0 7. Bd3 Nc6 8. c3 Bd6 9. Bg5 Be7 10. Qe2 e5 11. e4 d4 12. cxd4 Nxd4 13. Nxd4 Qxd4 14. Nb3 Bb4+ 15. Kf1 Qd8 16. Rd1 Be7 17. Bc4 Qc7 18. Rc1 Qb8 19. f3 Bd7 20. Bxf6 gxf6 1/2-1/2

[Event "San Sebastian Mendez Memorial op-B 1st"]
[Site "San Sebastian del Pepino"]
[Date "2014.01.18"]
[Round "2"]
[White "Hidalgo Jusino, Gabriel"]
[Black "Lugo Roldan, Jean Paul"]
[Result "1/2-1/2"]
[WhiteElo "1811"]
[BlackElo "1779"]
[PlyCount "152"]
[EventDate "2014.01.17"]
[EventType "swiss"]
[EventRounds "5"]
[EventCountry "PUR"]
[SourceTitle "EXT 2024"]
[Source "ChessBase"]
[SourceDate "2023.10.10"]
[SourceVersion "1"]
[SourceVersionDate "2023.10.10"]
[SourceQuality "1"]

1. c4 Nf6 2. g3 e5 3. Bg2 Nc6 4. Nc3 Bb4 5. Nd5 Bc5 6. Rb1 a5 7. d3 h6 8. Nf3 d6 9. 0-0 0-0 10. a3 Nxd5 11. cxd5 Ne7 12. e4 f5 13. b4 axb4 14. axb4 Bb6 15. Be3 f4 16. Bxb6 cxb6 17. d4 exd4 18. Qxd4 Bg4 19. e5 Ra3 20. exd6 Qxd6 21. Ne5 Be2 22. Rfe1 Bb5 23. gxf4 Nf5 24. Qe4 Qd8 25. d6 Bc6 26. Nxc6 bxc6 27. Qe6+ Kh8 28. d7 Rd3 29. Qxf5 Rxd7 30. Qe4 Rdf7 31. Rbd1 Qh4 32. f5 Qg5 33. Rd3 Rxf5 34. Rg3 Qd2 35. Qe2 Qxb4 36. Bxc6 Qc5 37. Qb2 R5f6 38. Re8 Qxf2+ 39. Qxf2 Rxf2 40. Rxf8+ Rxf8 41. Rb3 Rb8 42. Kf2 Kg8 43. Ke3 Kf7 44. Kf4 Kf6 45. h3 Rd8 46. Rxb6 Rd6 47. Ra6 Ke6 48. Bb5 Rxa6 49. Bxa6 g6 50. Bc8+ Kf6 51. Bg4 g5+ 52. Ke4 Kg6 53. Ke5 h5 54. Bf5+ Kg7 55. Ke6 g4 56. h4 g3 57. Be4 Kh8 58. Kf6 Kg8 59. Kg5 Kh8 60. Kxh5 g2 61. Bxg2 Kg7 62. Kg5 Kh7 63. Kh5 Kg7 64. Be4 Kh8 65. Kh6 Kg8 66. h5 Kh8 67. Kg6 Kg8 68. Kf6 Kh8 69. Bg6 Kg8 70. Be8 Kh8 71. Kf7 Kh7 72. Kf8 Kh8 73. Ke7 Kg7 74. Bg6 Kh8 75. h6 Kg8 76. Ke6 Kh8 1/2-1/2

[Event "Central America-ch U18 4th"]
[Site "Armenia"]
[Date "2013.11.05"]
[Round "1"]
[White "Tapia Ostolaza, Alexei"]
[Black "Lugo Roldan, Jean Paul"]
[Result "1-0"]
[WhiteElo "1913"]
[BlackElo "1762"]
[PlyCount "71"]
[EventDate "2013.11.05"]
[EventType "swiss"]
[EventRounds "6"]
[EventCountry "COL"]
[SourceTitle "EXT 2016"]
[Source "ChessBase"]
[SourceDate "2015.10.08"]
[SourceVersion "1"]
[SourceVersionDate "2015.10.08"]
[SourceQuality "1"]

1. e4 c5 2. Nf3 Nc6 3. c3 e5 4. d4 exd4 5. cxd4 cxd4 6. Nxd4 Qc7 7. Nc3 Bb4 8. Ndb5 Qe5 9. Qd5 Kd8 10. Qxe5 Nxe5 11. Bf4 f6 12. a3 Bxc3+ 13. Nxc3 a6 14. Nd5 b5 15. Be3 Rb8 16. Rc1 Ne7 17. Bb6+ Ke8 18. Bc7 Rb7 19. Bd6 Nxd5 20. Rxc8+ Kf7 21. Rxh8 Nf4 22. Bxe5 fxe5 23. Rc8 a5 24. g3 Ne6 25. Bh3 Ng5 26. Bg2 b4 27. 0-0 bxa3 28. bxa3 Rb3 29. Ra1 Ne6 30. Ra8 Rb5 31. a4 Rc5 32. Bh3 Ng5 33. Bxd7 Nxe4 34. Bb5 Rc2 35. Rxa5 Nxf2 36. Rf1 1-0